000 00310nam a22001217a 4500
008 181221b xxu||||| |||| 00| 0 eng d
041 _aeng
080 _a316
100 _a50
101 _asoc
245 _aThe America Class Systems An Introduction Social Stratification
_cdanie.w.r
942 _2udc
_cBK
999 _c53602
_d53602